Molten carbonate fuel cells : modeling, analysis, simulation, and control (Record no. 65998)

000 -LEADER
fixed length control field 00491nam a22001697a 4500
003 - CONTROL NUMBER IDENTIFIER
control field NUST - PNEC
005 - DATE AND TIME OF LATEST TRANSACTION
control field 20170116180934.0
008 - FIXED-LENGTH DATA ELEMENTS--GENERAL INFORMATION
fixed length control field 150906b xxu||||| |||| 00| 0 eng d
020 ## - INTERNATIONAL STANDARD BOOK NUMBER
International Standard Book Number 9783527314744
040 ## - CATALOGING SOURCE
Transcribing agency LIBRARY
082 ## - DEWEY DECIMAL CLASSIFICATION NUMBER
Classification number 621.3124 SUN
100 ## - MAIN ENTRY--PERSONAL NAME
9 (RLIN) 8432
Personal name Sundmacher, Kai
245 ## - TITLE STATEMENT
Title Molten carbonate fuel cells : modeling, analysis, simulation, and control
Statement of responsibility, etc. Sundmacher, Kai
260 ## - PUBLICATION, DISTRIBUTION, ETC.
Date of publication, distribution, etc. c.2007
650 ## - SUBJECT ADDED ENTRY--TOPICAL TERM
9 (RLIN) 8436
Topical term or geographic name entry element Molten carbonate fuel cells
General subdivision IME
942 ## - ADDED ENTRY ELEMENTS (KOHA)
Source of classification or shelving scheme
Koha item type Book
Holdings
Withdrawn status Lost status Source of classification or shelving scheme Damaged status Not for loan Permanent Location Current Location Shelving location Date acquired Total Checkouts Full call number Barcode Date last seen Price effective from Koha item type
          Pakistan Navy Engineering College (PNEC) Pakistan Navy Engineering College (PNEC)       621.3124 SUN PNECLIB-028796 09/06/2015   Book
© 2023 Central Library, National University of Sciences and Technology. All Rights Reserved.